Euros 2024 England Squad - Statistics

General Stats
  • This quiz has been taken 1,706 times
  • The average score is 24 of 33
Answer Stats
Pos Club Answer % Correct
GK Everton Jordan Pickford
96%
FW Bayern Harry Kane
93%
MF Real Madrid Jude Bellingham
92%
FW Arsenal Bukayo Saka
90%
DF Man City John Stones
90%
DF Man City Kyle Walker
90%
FW Man City Phil Foden
89%
GK Arsenal Aaron Ramsdale
86%
FW Chelsea Cole Palmer
86%
DF Man United Harry Maguire
84%
MF Liverpool Trent Alexander-Arnold
84%
MF Arsenal Declan Rice
81%
DF Man United Luke Shaw
79%
FW Aston Villa Ollie Watkins
79%
GK Crystal Palace Dean Henderson
75%
DF Newcastle Kieran Trippier
75%
FW Brentford Ivan Toney
73%
FW Man City Jack Grealish
72%
FW Crystal Palace Eberechi Eze
71%
MF Man United Kobbie Mainoo
70%
FW West Ham Jarrod Bowen
69%
DF Crystal Palace Marc Guehi
69%
DF Liverpool Joe Gomez
68%
FW Newcastle Anthony Gordon
67%
MF Spurs James Maddison
67%
MF Chelsea Conor Gallagher
58%
DF Brighton Lewis Dunk
57%
DF Aston Villa Ezri Konsa
56%
GK Burnley James Trafford
55%
MF Liverpool Curtis Jones
54%
MF Crystal Palace Adam Wharton
47%
DF Everton Jarrad Branthwaite
42%
DF Liverpool Jarell Quansah
41%
No matching quizzes found
Score Distribution
Percent of People with Each Score
Percentile by Number Answered
Your Score History
You have not taken this quiz